| 000 | 00724nam a22002177a 4500 | ||
|---|---|---|---|
| 005 | 20100806144139.0 | ||
| 010 | _aENG-98690 | ||
| 020 |
_a9789350011829 _c135.00 |
||
| 035 | _aEN-82222 | ||
| 037 | _bDBAD/PUB | ||
| 082 | _a519.5 | ||
| 100 |
_aMuthusamy, D. _97831 |
||
| 245 |
_aBusiness statistics/ _cby D.Muthusamy |
||
| 260 |
_aPeramabulur _bMercury Printers and Publishers _c2009 |
||
| 270 |
_bPeramabulur _e621212 |
||
| 300 | 1 |
_a197p. _c20cm (pbk) |
|
| 650 |
_aStatistics _97832 |
||
| 650 |
_aCommercial statistics _97833 |
||
| 942 |
_2ddc _cEN _h519.5 _mMUT |
||
| 999 |
_c39813 _d39813 |
||